000 00713nam a2200205Ii 4500
003 JO-AjNU
008 230605s9999||||xx |||||||||||||| ||und||
017 _a1975/2629
040 _aJO-AjNU
_bara
_erda
_cJO-AjNU
041 _aara
050 1 4 _aPJ7532.K526 1975
100 3 _aخفاجي، محمد عبد المنعم,
_eauthor
_915206
245 0 0 _aالآداب العربية في العصر العباسي الثاني
264 3 1 _aالقاهرة: مكتبة الكليات الأزهرية، 1975
300 _a244ص
336 _atext
_btxt
_2rdacontent
337 _aunmediated
_bn
_2rdamedia
338 _avolume
_bnc
_2rdacarrier
650 4 _aالأدب العربي - العصر العباسي
_915207
999 _aA4239
_c7807
_d7807